The Lake District - Statistics

General Stats
  • This quiz has been taken 1,039 times
  • The average score is 7 of 15
Answer Stats
Hint Answer % Correct
County in which the Lake District is situated Cumbria
90%
Name of the largest lake Windermere
89%
Famous poet who lived in Grasmere William Wordsworth
71%
Name of the highest mountain Scafell Pike
68%
Market town just north of Derwentwater Keswick
60%
Popular guidebook author whose books documented the lakeland fells Alfred Wainwright
51%
Village watched over by the 'Old Man' Coniston
48%
Helvellyn's most famous ridge Striding Edge
39%
Famous baked goods produced in Grasmere Gingerbread
35%
3,054 ft mountain overlooking this town Skiddaw
30%
A breed of sheep native to the Lake District Herdwick
28%
70 ft waterfall close to Ullswater Aira Force
16%
The name of Beatrix Potter's home in Near Sawrey Hill Top Farm
11%
Highest pub Kirkstone Inn
11%
Legendary fell runner from Wasdale Head Joss Naylor
7%
No matching quizzes found
Score Distribution
Percent of People with Each Score
Percentile by Number Answered
Your Score History
You have not taken this quiz